| 000 | 01038cam a22002653u 4500 | ||
|---|---|---|---|
| 001 | 006634841 | ||
| 005 | 20121128120527.0 | ||
| 008 | 030404r19981949xxua || 000 ||eng | ||
| 020 | _a0252725484 (pbk.) | ||
| 020 | _a9780252725487 | ||
| 082 | 0 | 4 |
_a621.382 _222 _bSHA |
| 100 | 1 |
_aShannon, Claude Elwood, _d1916-2001 _931529 |
|
| 245 | 1 | 4 |
_aThe Mathematical Theory of Communication / _cClaude E. Shannon and Warren Weaver ; foreward by Richard E. Blahut and Bruce Hajek. |
| 260 |
_aUrbana : _bUniversity of Illinois Press, _cc1998. |
||
| 300 |
_aix, 125 p. : _bill. ; _c22 cm. |
||
| 500 | _aOriginally published: 1949. | ||
| 505 | 0 | _aContents: The mathematical theory of communication, by C. E. Shannon. Recent contributions to the mathematical theory of communication, by W. Weaver. | |
| 650 | 0 |
_aTelecommunication. _931530 |
|
| 650 | 0 |
_aMathematical physics. _931531 |
|
| 650 | 0 |
_aInformation theory. _931532 |
|
| 653 |
_bEle _cNovember2012 |
||
| 700 | 1 |
_aWeaver, Warren, _d1894-1978. _931533 |
|
| 942 |
_2ddc _cBB |
||
| 980 | _aCard | ||
| 999 |
_c17119 _d17091 |
||